Essentials of the dynamic universe : (Record no. 2414)

000 -LEADER
fixed length control field nam a22 7a 4500
005 - DATE AND TIME OF LATEST TRANSACTION
control field 20170516121310.0
008 - FIXED-LENGTH DATA ELEMENTS--GENERAL INFORMATION
fixed length control field 170516b1984 mnu||||| |||| 00| 0 eng d
020 ## - INTERNATIONAL STANDARD BOOK NUMBER
International Standard Book Number 0314777989 (pbk.) :
Terms of availability $19.95
040 ## - CATALOGING SOURCE
Original cataloging agency AKMAL
082 ## - DEWEY DECIMAL CLASSIFICATION NUMBER
Classification number 520 SNO
090 ## - LOCALLY ASSIGNED LC-TYPE CALL NUMBER (OCLC); LOCAL CALL NUMBER (RLIN)
Classification number (OCLC) (R) ; Classification number, CALL (RLIN) (NR) 520
Local cutter number (OCLC) ; Book number/undivided call number, CALL (RLIN) SNO
100 1# - MAIN ENTRY--PERSONAL NAME
Personal name Snow, Theodore P.
9 (RLIN) 5009
245 10 - TITLE STATEMENT
Title Essentials of the dynamic universe :
Remainder of title an introduction to astronomy /
Statement of responsibility, etc. Theordore P. Snow
260 ## - PUBLICATION, DISTRIBUTION, ETC.
Place of publication, distribution, etc. St. Paul :
Name of publisher, distributor, etc. West,
Date of publication, distribution, etc. c1984
300 ## - PHYSICAL DESCRIPTION
Extent xvii, 486 p., 24 p. of plates :
Other physical details ill. (some col.), charts ;
Dimensions 26 cm
500 ## - GENERAL NOTE
General note Updated ed. of: The Dynamic universe. c1983.
500 ## - GENERAL NOTE
General note Charts on lining papers
504 ## - BIBLIOGRAPHY, ETC. NOTE
Bibliography, etc. note ncludes bibliographies and index
650 #0 - SUBJECT ADDED ENTRY--TOPICAL TERM
Topical term or geographic name entry element Astronomy
9 (RLIN) 4980
700 1# - ADDED ENTRY--PERSONAL NAME
Personal name Snow, Theodore P
Fuller form of name (Theodore Peck).
9 (RLIN) 5010
942 ## - ADDED ENTRY ELEMENTS (KOHA)
Source of classification or shelving scheme
Koha item type Book
Holdings
Withdrawn status Lost status Source of classification or shelving scheme Damaged status Not for loan Collection code Home library Current library Shelving location Date acquired Inventory number Total Checkouts Full call number Barcode Date last seen Price effective from Koha item type
          NON-FICTION AKMAL Melaka AKMAL Melaka PINJAMAN 16.05.2017 500162   520 SNO 201706732 16.05.2017 16.05.2017 Book
Pusat Sumber Maklumat Dato' Haji Sarmin Md Hussin, Akademi Kastam Diraja Malaysia, Melaka
Tel: 06-2331106 | Faks: 06-2313787